00609cam a22001697a 4500008004000000082001300040100001600053245009800069260003000167300001000197650003700207650003900244650003600283650003300319650004500352650004200397180718b2011 xxu||||| |||| 00| 0 eng d aDx5 W232 aWarikoo, K. aCentral Asia and South Asia : energy cooperation and transport linkagescedited by K. Warikoo aNew DelhibPentagonc2011 a293p. aPower resources -- Asia, Central aEnergy industries -- Asia, Central aAsia, Central -- Transportation aSouth Asia -- Transportation aAsia, Central -- Politics and government aSouth Asia -- Politics and government